Normal view
MARC view
- Geethi Nath R
Entry Personal Name
001 - CONTROL NUMBER
- control field: 2840
003 - CONTROL NUMBER IDENTIFIER
- control field: OSt
005 - DATE AND TIME OF LATEST TRANSACTION
- control field: 20180216125936.0
008 - FIXED-LENGTH DATA ELEMENTS
- fixed length control field: 180216|| aca||aabn | a|a d
040 ## - CATALOGING SOURCE
- Original cataloging agency: OSt
- Transcribing agency: OSt
100 ## - HEADING--PERSONAL NAME
- Personal name: Geethi Nath R
670 ## - SOURCE DATA FOUND
- Source citation: Work cat.: (OSt): JACOB BIJO DANIEL 2774, Evaluation and modification of a micro irrigation technique
